| 000 | 00442nam a2200157Ia 4500 | ||
|---|---|---|---|
| 008 | 210423s2008 xx 000 0 und d | ||
| 020 | _a9780521675055 | ||
| 041 | _aeng | ||
| 082 | _a823.5 RICJ | ||
| 100 | _aRICHETTI (John). | ||
| 245 | _aCambridge companion to Daniel Defoe. | ||
| 260 |
_aNew Delhi _bCambridge University Press _c2008 |
||
| 300 |
_axi,248 _bPB |
||
| 365 |
_b1345 _cINR |
||
| 906 | _aCambridge ; companion ; Daniel ; Defoe. | ||
| 999 |
_c157482 _d157482 |
||